00603nam a2200145Ia 4500008004100000020001800041082001800059100002800077245011500105260004700220300001100267650007000278952009200348999001700440120622s9999 xx 000 0 und d a968-884-242-7 a333.3172 K89u aKraemer Bayer, Gabriela aUtopía en el agro mexicano : cuarenta proyectos de desarrollo en áreas marginadas / Gabriela Kraemer Bayer aMéxico : Universidad Autónoma Chapingo a582 p. a1. REFORMA AGRARIA - MEXICO \ 2. AGRICULTURA Y ESTADO - MEXICOÌ 00104070a01b01d2007-01-25l0o333.3172 K89Up01 002954r2012-06-24w2012-06-24yLB c57910d57910